Bezpečnost a ochrana zdraví při práci 2018 : recenzovaný sborník abstraktů XVIII: ročníku mezinárodní konference : Ostravice, 18. - 19. duben 2018
Guardado en:
| Autor Corporativo: | |
|---|---|
| Formato: | Procedimiento de la Conferencia Libro |
| Lenguaje: | eslovaco checo |
| Publicado: |
Ostrava :
SPBI,
2018
|
| Edición: | 1. vyd. |
| Materias: | |
| Etiquetas: |
Sin Etiquetas, Sea el primero en etiquetar este registro!
|
MARC
| LEADER | 00000nam a22000003a 4500 | ||
|---|---|---|---|
| 001 | 0064746 | ||
| 003 | SK-STU | ||
| 005 | 20180426080538.8 | ||
| 007 | ta | ||
| 008 | 180425s ----xo-----e------000-0-----d | ||
| 020 | |a 978-80-7385-202-3 | ||
| 040 | |a STU |b slo | ||
| 041 | 0 | |a slo |a cze | |
| 044 | |a xr | ||
| 111 | 2 | |a Mezinárodní konference |n XVIII. |d 18.-19.4.2018 : |c Ostravice | |
| 245 | 1 | 0 | |a Bezpečnost a ochrana zdraví při práci 2018 : |b recenzovaný sborník abstraktů XVIII: ročníku mezinárodní konference : Ostravice, 18. - 19. duben 2018 |
| 250 | |a 1. vyd. | ||
| 260 | |a Ostrava : |b SPBI, |c 2018 | ||
| 300 | |a 93 s. | ||
| 650 | 0 | 7 | |a BOZP |
| 996 | |b 284M087720 |c M* Z-4412 |l MMKN |s A |a 24 |w 0064746_0001 | ||
| 996 | |b 284M087721 |c M* Z-4413 |l MMKN |s A |a 24 |w 0064746_0002 | ||
| 996 | |b 284M087722 |c M* Z-4414 |l MMKN |s A |a 24 |w 0064746_0003 | ||